000 00302nam a2200133Ia 4500
005 20260328101446.0
008 260328s9999||||xx |||||||||||||| ||und||
100 _aRivero, Mario
245 0 _aBotero /
_cMario Rivero
260 _bPlaza & Janés
300 _a101 p.
650 _aPINTURA
942 _cBK
999 _c8477
_d8477